00918cam a2200253 a 4500001001300000003000400013005001700017008004100034010001700075035002000092040004700112042000800159043001200167050002100179100003700200245008000237260003000317300002500347500010600372505013100478650001500609650002300624999001700647e 09000095 DLC20260227111150.0990721s1891 fr 000 0 fre c ae 09000095  a(OCoLC)03786862 aLibrary, U. S. Bur. of EducationcNIEdDLC apcc ae-fr---00aLA692b.C65 18911 aCompayré, Gabriel,d1843-1913.10aÉtudes sur l'enseignement et sur l'éducation /cpar Gabriel Compayré. aParis :bHachette,c1891. avi, 332 p. ;c18 cm. a"La plupart des articles qui le composent ont paru dans les colonnes de la République Française."0 a1. pte. À l'étranger.--2. pte. Enseignement primaire.--3. pte. Enseignement secondaire.--4. pte. Enseignement supérieur. 0aEducation. 0aEducationzFrance. c18758d18758